000 00751nam a2200253Ia 4500
003 OSt
005 20220926012543.0
006 a|||||r|||| 00| 0
007 ta
008 220923b |||||||| |||| 00| 0 eng d
037 _cGeneral Book
040 _aRTL
_cRTL
_beng
041 _2eng
_aeng
082 _aX:271:(G:55), N5
100 _aKhan James R
_9316885
245 0 _aEconomic approach to environmental and natural resources
260 _aNew York
_bDryden Press
_c1995
300 _axx, 503p
_ccm.
490 _aDryden Press Series In Economics
500 _aBibliography chapterwise
650 _aNatural Resources Economics
942 _hX:271:(G:55), N5
_cGB
_2CC
999 _c623531
_d623531